00239nam a2200073Ia 4500008004100000100001600041245008000057260002800137120527s9999 xx 000 0 und d aJABBAR, M.A aPolicy and scale factors influencing efficiency in dairy and poultry produc bInternational Livestock